Gorilla Tag OST songs - Statistics

General Stats
  • This quiz has been taken 21 times
  • The average score is 5 of 12
Answer Stats
Hint Answer % Correct
Caves Cave Wave
100%
Forest Monke Need to Swing
58%
Beach Avast Beach Cove
42%
Forest Campfire
42%
Canyons Canyon Cookoff
42%
Basement Curse of the Monkeye
42%
City Nice Gorilla Store Hifi
33%
City Nice Gorilla Store Lofi
33%
Clouds What the Future Holds
33%
Caves Spelunke Monke
25%
Mountains Mountain Melody
17%
Forest (Seasonal) Monkebone Bash
8%
No matching quizzes found
Score Distribution
Percent of People with Each Score
Percentile by Number Answered
Your Score History
You have not taken this quiz